[Event "Olomouc 2008 - seniors"]
[Site "?"]
[Date "2008.??.??"]
[Round "1.11"]
[White "PINDURA, VLADIMIR."]
[Black "DIVIS, JAN."]
[Result "0-1"]
[WhiteElo "1479"]
[BlackElo "1864"]
[PlyCount "63"]
[EventDate "2008.07.31"]

1. e4 d5 2. exd5 Qxd5 3. Nc3 Qa5 4. d3 Nf6 5. h3 e5 6. Bd2 c6 7. a3 Qb6 8. Rb1
Nbd7 9. Be3 Bc5 10. Bxc5 Qxc5 11. Nf3 O-O 12. Be2 Re8 13. O-O Nb6 14. Ng5 h6
15. Nge4 Nxe4 16. Nxe4 Qe7 17. Bg4 f5 18. Bh5 fxe4 19. Bxe8 Qxe8 20. dxe4 Be6
21. b3 Rd8 22. Qf3 Qe7 23. Rbd1 Rf8 24. Qc3 Qg5 25. Rd3 Nd7 26. Rd6 Re8 27.
Rfd1 Nf8 28. Qa5 Bxh3 29. g3 Bg4 30. Rd8 Rxd8 31. Rxd8 Bf3 32. Rd3 0-1

[Event "Olomouc 2008 - seniors"]
[Site "?"]
[Date "2008.08.01"]
[Round "2.1"]
[White "GOLCMAN, EVGENY."]
[Black "VIK, JOERGEN."]
[Result "1-0"]
[WhiteElo "2255"]
[BlackElo "1913"]
[PlyCount "41"]
[EventDate "2008.07.31"]

1. c4 e6 2. Nc3 Nf6 3. e4 Nc6 4. d4 d6 5. f4 Be7 6. d5 exd5 7. cxd5 Nb8 8. e5
dxe5 9. fxe5 Ng4 10. e6 Nf6 11. exf7+ Kxf7 12. Bc4 Bd6 13. Nge2 Rf8 14. O-O Kg8
15. Bf4 Bc5+ 16. Kh1 Kh8 17. Ng3 Nbd7 18. Nb5 Bb6 19. d6 c6 20. Nc7 Bxc7 21.
dxc7 1-0

[Event "Olomouc 2008 - seniors"]
[Site "?"]
[Date "2008.08.01"]
[Round "2.5"]
[White "DIVIS, JAN."]
[Black "HORYNA, JOSEF."]
[Result "0-1"]
[WhiteElo "1864"]
[BlackElo "1919"]
[PlyCount "86"]
[EventDate "2008.07.31"]

1. d4 Nf6 2. Nf3 g6 3. Bf4 d6 4. e3 Bg7 5. h3 O-O 6. Bd3 b6 7. c3 Bb7 8. O-O
Nbd7 9. Nbd2 c5 10. dxc5 Nxc5 11. Bc2 Rc8 12. a4 Ba6 13. Re1 Nd3 14. Bxd3 Bxd3
15. e4 Ba6 16. Qb3 Nd7 17. Be3 Nc5 18. Bxc5 bxc5 19. Qc2 Qc7 20. Ra3 Rb8 21.
Rb3 Rxb3 22. Qxb3 Rb8 23. Qc2 Bc8 24. Ng5 h6 25. Ngf3 Be6 26. Kf1 Qb6 27. Rb1
Qc6 28. b3 d5 29. exd5 Qxd5 30. c4 Qc6 31. Re1 Bf5 32. Qc1 Bf6 33. Kg1 h5 34.
Re3 Kg7 35. Qe1 Rd8 36. Ne4 Bd4 37. Nxd4 cxd4 38. Re2 d3 39. Re3 Bxe4 40. Rxe4
d2 41. Qa1+ Kg8 42. Rd4 Rxd4 43. Qxd4 Qd6 0-1

[Event "Olomouc 2008 - seniors"]
[Site "?"]
[Date "2008.08.01"]
[Round "2.9"]
[White "HRABAL, JIRI."]
[Black "HYL, MIROSLAV."]
[Result "1-0"]
[WhiteElo "1762"]
[BlackElo "1520"]
[PlyCount "55"]
[EventDate "2008.07.31"]

1. e4 c5 2. Nf3 Nc6 3. d4 cxd4 4. Nxd4 d6 5. Nc3 g6 6. Be3 Bg7 7. Qd2 Nf6 8. f3
O-O 9. O-O-O a6 10. g4 Qc7 11. h4 Nd7 12. Nd5 Qd8 13. h5 e6 14. hxg6 fxg6 15.
Nxe6 Qa5 16. Nxf8 Qxd2+ 17. Rxd2 Nxf8 18. Rdh2 Be6 19. Nc7 Rc8 20. Nxe6 Nxe6
21. Bc4 Ncd8 22. Bb3 Kf8 23. Rxh7 Nc5 24. Bh6 Nxb3+ 25. axb3 Bxh6+ 26. R1xh6
Kg8 27. Rh8+ Kf7 28. R6h7+ 1-0

[Event "Olomouc 2008 - seniors"]
[Site "?"]
[Date "2008.08.02"]
[Round "3.6"]
[White "BLAHA, JIRI."]
[Black "POSPISIL, LUDVIK."]
[Result "1-0"]
[WhiteElo "1667"]
[BlackElo "1910"]
[PlyCount "57"]
[EventDate "2008.07.31"]

1. c4 e6 2. g3 d5 3. cxd5 exd5 4. Bg2 Nf6 5. Nf3 Bd6 6. O-O O-O 7. b3 Bg4 8.
Ne1 Re8 9. f3 Bf5 10. Bb2 Qe7 11. e3 Nbd7 12. Nc3 c6 13. g4 Bg6 14. g5 Nh5 15.
f4 f5 16. Bf3 Qf7 17. Ng2 Nc5 18. Qc2 Ne4 19. Ne2 Re7 20. a3 a5 21. Rae1 Qe8
22. Nh4 Bc7 23. Bxh5 Bxh5 24. Nxf5 Rf7 25. Nfg3 Bxe2 26. Rxe2 Nxg3 27. hxg3 Bd6
28. Rh2 Bf8 29. Qxh7# 1-0

[Event "Olomouc 2008 - seniors"]
[Site "?"]
[Date "2008.08.02"]
[Round "3.11"]
[White "SEHLYANYK, IVAN."]
[Black "HRACH, JAN."]
[Result "1-0"]
[WhiteElo "1549"]
[BlackElo "1318"]
[PlyCount "65"]
[EventDate "2008.07.31"]

1. e4 e5 2. Nf3 Nc6 3. Bc4 h6 4. O-O Nf6 5. Nc3 Be7 6. Re1 d6 7. h3 a6 8. a3
O-O 9. b4 b5 10. Bb3 Bb7 11. Nd5 Nxd5 12. Bxd5 Qd7 13. c3 Rab8 14. d4 Bf6 15.
Ra2 Ne7 16. Bxb7 Rxb7 17. dxe5 Qe6 18. exf6 Qxa2 19. fxe7 Re8 20. Nh4 Rxe7 21.
Nf5 Re6 22. Qg4 g6 23. Ne7+ Rxe7 24. Qc8+ Kg7 25. Qxb7 Qc4 26. Bd2 Qd3 27. Qd5
Qc2 28. Be3 Kh7 29. Bd4 Qd2 30. Rf1 Qd3 31. f3 Kg8 32. Qa8+ Kh7 33. Qh8# 1-0

[Event "Olomouc 2008 - seniors"]
[Site "?"]
[Date "2008.08.02"]
[Round "3.12"]
[White "HYL, MIROSLAV."]
[Black "NOVAK, MIROSLAV."]
[Result "1-0"]
[WhiteElo "1520"]
[BlackElo "1513"]
[PlyCount "83"]
[EventDate "2008.07.31"]

1. d4 d5 2. c4 c6 3. e3 Nf6 4. Nc3 e6 5. Nf3 Nbd7 6. cxd5 exd5 7. Bd3 Bb4 8.
O-O O-O 9. a3 Bxc3 10. bxc3 Ne4 11. Qc2 f5 12. Bxe4 fxe4 13. Nd2 Nb6 14. Qb3
Be6 15. Nxe4 Bf5 16. Ng3 Bd3 17. Re1 Bc4 18. Qd1 Qf6 19. f3 Qg6 20. e4 dxe4 21.
Nxe4 Rae8 22. a4 Nd5 23. a5 Rf7 24. Ba3 Nf4 25. Qd2 Rf5 26. Ng3 Rf6 27. Rxe8+
Qxe8 28. Re1 Qg6 29. Re5 h6 30. Qe3 Nd5 31. Re8+ Kh7 32. Qe4 Qxe4 33. Nxe4 Rf7
34. Nd6 Nc7 35. Rb8 Be6 36. Nxf7 Nb5 37. Nd8 Bc4 38. Bb4 Nc7 39. Rxb7 Nd5 40.
Bf8 Kg6 41. Nxc6 Nxc3 42. Ne5+ 1-0

[Event "Olomouc 2008 - seniors"]
[Site "?"]
[Date "????.??.??"]
[Round "4.1"]
[White "GOLCMAN, EVGENY."]
[Black "KRBECEK, VACLAV."]
[Result "1-0"]
[WhiteElo "2255"]
[BlackElo "1923"]
[PlyCount "49"]
[EventDate "2008.07.31"]

1. c4 c5 2. Nc3 Nc6 3. Nf3 d6 4. g3 e6 5. Bg2 Nf6 6. d4 cxd4 7. Nxd4 Bd7 8. O-O
a6 9. b3 Be7 10. Bb2 O-O 11. Qd2 Qc7 12. Rac1 Nxd4 13. Qxd4 Bc6 14. Nd5 Qd8 15.
Nxe7+ Qxe7 16. e4 Ne8 17. Rfd1 Rc8 18. Ba3 e5 19. Bxd6 Nxd6 20. Qxd6 Rfe8 21.
Qxe7 Rxe7 22. Rd6 Kf8 23. Rcd1 Rcc7 24. f3 Red7 25. c5 1-0

[Event "Olomouc 2008 - seniors"]
[Site "?"]
[Date "????.??.??"]
[Round "4.2"]
[White "PERIK, ALOIS."]
[Black "SNOREK, MILAN."]
[Result "0-1"]
[WhiteElo "1908"]
[BlackElo "2175"]
[PlyCount "92"]
[EventDate "2008.07.31"]

1. c4 c6 2. Nc3 d5 3. cxd5 cxd5 4. d4 Nf6 5. Nf3 Nc6 6. Bg5 Ne4 7. Bd2 a6 8. e3
Bg4 9. Be2 e6 10. a3 Bd6 11. h3 Bf5 12. O-O O-O 13. Rc1 Rc8 14. Na4 Bb8 15. Nc5
Nxc5 16. Rxc5 Qd6 17. Be1 e5 18. b4 e4 19. Ne5 Nxe5 20. dxe5 Qxe5 21. f4 exf3
22. Rxf3 Rxc5 23. bxc5 Qh2+ 24. Kf2 Be4 25. Bc3 Bxf3 26. Bxf3 Qg3+ 27. Kf1 Be5
28. Bb4 Rd8 29. Bxd5 Bf6 30. e4 Bh4 31. Qe2 Qc7 32. Qg4 Bf6 33. Qh5 Qf4+ 34.
Ke2 g6 35. Qf3 Qe5 36. Qb3 Qc7 37. Qa4 Qg3 38. Kf1 Qd3+ 39. Kg1 Qd4+ 40. Kf1
Qa1+ 41. Ke2 Qg1 42. Ba5 Qxg2+ 43. Kd3 Qxh3+ 44. Kc2 Qg2+ 45. Kd3 Rxd5+ 46.
exd5 Qxd5+ 0-1

[Event "Olomouc 2008 - seniors"]
[Site "?"]
[Date "????.??.??"]
[Round "4.5"]
[White "BLAHA, JIRI."]
[Black "VIK, JOERGEN."]
[Result "0-1"]
[WhiteElo "1667"]
[BlackElo "1913"]
[PlyCount "56"]
[EventDate "2008.07.31"]

1. c4 c5 2. g3 Nc6 3. Bg2 Nf6 4. Nf3 d6 5. d3 Bd7 6. b4 e5 7. Nbd2 Qc8 8. Bb2
Be7 9. O-O Bh3 10. Ne4 Nxe4 11. dxe4 Bg4 12. Nd2 h5 13. f3 Bh3 14. Rf2 Bxg2 15.
Rxg2 Qe6 16. e3 O-O-O 17. f4 g6 18. Rf2 Rh7 19. f5 gxf5 20. exf5 Qh6 21. Qf3
Bg5 22. Re1 Nxb4 23. Qe4 Rg8 24. a3 Nc6 25. f6 Rg6 26. Qf5+ Kc7 27. Ne4 Bxe3
28. Nxc5 Bxc5 0-1

[Event "Olomouc 2008 - seniors"]
[Site "?"]
[Date "????.??.??"]
[Round "5.1"]
[White "HORYNA, JOSEF."]
[Black "GOLCMAN, EVGENY."]
[Result "0-1"]
[WhiteElo "1919"]
[BlackElo "2255"]
[PlyCount "100"]
[EventDate "2008.07.31"]

1. d4 f5 2. g3 Nf6 3. Bg2 g6 4. Nh3 Bg7 5. O-O O-O 6. c4 d6 7. Nc3 c6 8. e3 e5
9. f4 Qc7 10. Nf2 Nbd7 11. Qd2 Re8 12. b3 Nf8 13. Bb2 Be6 14. d5 Bf7 15. Rfe1
e4 16. Rad1 c5 17. Bh3 Qd7 18. Qc2 h6 19. Rd2 g5 20. fxg5 hxg5 21. Ne2 Ng6 22.
Rf1 g4 23. Bxf6 Bxf6 24. Bg2 Bg5 25. Nf4 Ne5 26. h4 Bf6 27. Re2 Kh8 28. Nh1
Nf3+ 29. Bxf3 gxf3 30. Rh2 Rg8 31. Kf2 Rg4 32. Ke1 Qe7 33. h5 Kg8 34. Rh3 Qe5
35. Kd2 Qb2 36. Qxb2 Bxb2 37. Nf2 Rg5 38. h6 Kh7 39. Rb1 Be5 40. b4 cxb4 41.
Rxb4 b6 42. a4 Rag8 43. Nh1 Re8 44. a5 Bxf4 45. exf4 e3+ 46. Ke1 Rg6 47. axb6
axb6 48. Rxb6 Ra8 49. Rb1 Ra2 50. Rh5 Rxh6 0-1

[Event "Olomouc 2008 - seniors"]
[Site "?"]
[Date "????.??.??"]
[Round "5.11"]
[White "HYL, MIROSLAV."]
[Black "HRACH, JAN."]
[Result "1-0"]
[WhiteElo "1520"]
[BlackElo "1318"]
[PlyCount "47"]
[EventDate "2008.07.31"]

1. d4 Nc6 2. c4 d5 3. e3 Bf5 4. Nc3 Nb4 5. Qa4+ Nc6 6. cxd5 Bd7 7. dxc6 Bxc6 8.
Bb5 Qd7 9. Bxc6 bxc6 10. Nf3 f6 11. O-O Nh6 12. Rd1 e6 13. e4 Bd6 14. e5 Be7
15. exf6 Bxf6 16. Ne5 Qd6 17. Qxc6+ Qxc6 18. Nxc6 O-O 19. Bxh6 gxh6 20. Ne4 a5
21. Nxf6+ Rxf6 22. Rac1 Ra6 23. Nb8 Rb6 24. Nd7 1-0

[Event "Olomouc 2008 - seniors"]
[Site "?"]
[Date "????.??.??"]
[Round "6.2"]
[White "VIK, JOERGEN."]
[Black "SNOREK, MILAN."]
[Result "0-1"]
[WhiteElo "1913"]
[BlackElo "2175"]
[PlyCount "84"]
[EventDate "2008.07.31"]

1. d4 d5 2. c4 dxc4 3. Nc3 a6 4. a4 Nc6 5. e3 Na5 6. Nf3 Nf6 7. Nd2 Be6 8. Be2
g6 9. O-O Bg7 10. Ra3 c6 11. Bf3 O-O 12. Nce4 Nd5 13. Nc5 Bc8 14. Be2 b6 15.
Nce4 f5 16. Nc3 b5 17. Nxd5 Qxd5 18. b4 Nb7 19. Nb1 Be6 20. Bd2 Qd6 21. Bc3
Rfd8 22. Qd2 Bf7 23. Qb2 Qc7 24. Nd2 Nd6 25. Rfa1 Rab8 26. axb5 axb5 27. Bf3
Bd5 28. Bxd5+ cxd5 29. Ra5 h6 30. Nb1 Rb7 31. Be1 Kh7 32. Nc3 e6 33. f3 f4 34.
Bf2 fxe3 35. Bxe3 Nf5 36. Qf2 Nxe3 37. Qxe3 e5 38. Nxb5 Qd7 39. Na3 exd4 40.
Qe1 Re8 41. Qd1 d3 42. Rb1 Re2 0-1

[Event "Olomouc 2008 - seniors"]
[Site "?"]
[Date "????.??.??"]
[Round "6.3"]
[White "STEC, FRANTISEK."]
[Black "KRBECEK, VACLAV."]
[Result "0-1"]
[WhiteElo "1920"]
[BlackElo "1923"]
[PlyCount "80"]
[EventDate "2008.07.31"]

1. d4 g6 2. Nf3 Bg7 3. Bf4 Nf6 4. c3 O-O 5. h3 d6 6. Nbd2 Nbd7 7. e3 c6 8. Be2
Qc7 9. O-O Ne8 10. Bg5 f6 11. Qb3+ Kh8 12. Bh4 d5 13. a4 a5 14. Bg3 Qb6 15. Qa3
e5 16. Qb3 Qd8 17. dxe5 fxe5 18. e4 Nc7 19. Rad1 Qe8 20. Rfe1 Nc5 21. Qc2 dxe4
22. Nxe4 Bf5 23. Bd3 Nxd3 24. Qxd3 Na6 25. Nd6 Bxd3 26. Nxe8 Raxe8 27. Rxd3 Nc5
28. Rde3 Nxa4 29. Nxe5 Kg8 30. Nd3 Rd8 31. Re4 b5 32. Nf4 Rd2 33. Ne6 Re8 34.
Nxg7 Rxe4 35. Rxe4 Kxg7 36. Re7+ Kg8 37. Rc7 Nxb2 38. Rxc6 a4 39. Ra6 Nc4 40.
Bh4 a3 0-1

[Event "Olomouc 2008 - seniors"]
[Site "?"]
[Date "????.??.??"]
[Round "6.4"]
[White "ZDRAZIL, BOHUMIR."]
[Black "HORYNA, JOSEF."]
[Result "1-0"]
[WhiteElo "1917"]
[BlackElo "1919"]
[PlyCount "61"]
[EventDate "2008.07.31"]

1. d4 Nf6 2. Nc3 e6 3. Bg5 d5 4. e3 Be7 5. Nf3 Nbd7 6. Bd3 h6 7. Bh4 O-O 8. O-O
c5 9. h3 c4 10. Be2 Ne4 11. Bxe7 Nxc3 12. Bxd8 Nxd1 13. Be7 Re8 14. Ba3 Nxb2
15. Bxb2 b5 16. c3 Nb6 17. Ba3 Na4 18. Rfc1 a5 19. Bd1 Nxc3 20. Rxc3 b4 21.
Rcc1 Ba6 22. Bb2 c3 23. Bxc3 bxc3 24. Rxc3 Rec8 25. Rac1 Rxc3 26. Rxc3 Rb8 27.
Bb3 Rb4 28. a3 Rb7 29. Ne5 Bb5 30. Bc2 f6 31. Rc8+ 1-0

[Event "Olomouc 2008 - seniors"]
[Site "?"]
[Date "????.??.??"]
[Round "6.11"]
[White "PINDURA, VLADIMIR."]
[Black "HRACH, JAN."]
[Result "1-0"]
[WhiteElo "1479"]
[BlackElo "1318"]
[PlyCount "51"]
[EventDate "2008.07.31"]

1. f4 Nc6 2. Nf3 d6 3. e3 e5 4. fxe5 dxe5 5. Bb5 Bd7 6. O-O Be7 7. Bxc6 Bxc6 8.
Nxe5 Bxg2 9. Kxg2 f6 10. Qh5+ g6 11. Nxg6 hxg6 12. Qxh8 Qd5+ 13. Rf3 O-O-O 14.
Qh3+ Kb8 15. Nc3 Qc4 16. d3 Qc6 17. e4 Bb4 18. Bd2 g5 19. Rd1 a6 20. Nd5 Bxd2
21. Rxd2 Rf8 22. Rf5 Ka7 23. Qe3+ Kb8 24. Rdf2 b6 25. Qf3 Nh6 26. Rxf6 1-0

[Event "Olomouc 2008 - seniors"]
[Site "?"]
[Date "2008.08.06"]
[Round "8.1"]
[White "GOLCMAN, EVGENY."]
[Black "BLAHA, JIRI."]
[Result "1-0"]
[WhiteElo "2255"]
[BlackElo "1667"]
[PlyCount "51"]
[EventDate "2008.07.31"]

1. c4 g6 2. Nc3 Bg7 3. d4 d6 4. e4 e6 5. f4 Ne7 6. Nf3 O-O 7. Be3 Nd7 8. Be2 b6
9. O-O Bb7 10. Qd2 f5 11. Ng5 Qc8 12. Nxe6 Rf6 13. Nxg7 Kxg7 14. d5 c5 15. dxc6
Bxc6 16. Bf3 Kg8 17. Rac1 Qc7 18. Nb5 Qb8 19. e5 Re6 20. Bd5 Nxd5 21. cxd5 Bxb5
22. dxe6 Nc5 23. exd6 Ne4 24. Qd5 Kg7 25. Bd4+ Kh6 26. Rc3 1-0

[Event "Olomouc 2008 - seniors"]
[Site "?"]
[Date "2008.08.06"]
[Round "8.2"]
[White "LASZKIEWICZ, JERZY."]
[Black "SNOREK, MILAN."]
[Result "0-1"]
[WhiteElo "1950"]
[BlackElo "2175"]
[PlyCount "102"]
[EventDate "2008.07.31"]

1. e4 e5 2. Nf3 Nf6 3. Nxe5 d6 4. Nf3 Nxe4 5. Qe2 Qe7 6. d3 Nf6 7. Bg5 Qxe2+ 8.
Bxe2 Be7 9. Nc3 c6 10. O-O-O Na6 11. Rhe1 Nc7 12. Ne4 Nxe4 13. dxe4 Bxg5+ 14.
Nxg5 f6 15. Nf3 Ke7 16. Nd4 Rd8 17. f4 c5 18. Nb5 Nxb5 19. Bxb5 Be6 20. Be2
Rab8 21. Kb1 b5 22. g4 a5 23. Bf3 g5 24. f5 Bf7 25. Rh1 Rg8 26. Rd2 h5 27. Rhd1
Rbd8 28. h3 h4 29. c3 b4 30. cxb4 axb4 31. b3 Rd7 32. Kb2 Rb8 33. Be2 Rb6 34.
Kb1 Ra7 35. Rc2 Ra3 36. Bc4 Be8 37. Rdd2 Rb7 38. Re2 Rb6 39. Rcd2 Ra7 40. Rc2
Kd8 41. Rcd2 Re7 42. Kc2 Kc7 43. Kd3 Rb8 44. Bd5 Bd7 45. Bc4 Rbe8 46. Bd5 Bb5+
47. Bc4 Bxc4+ 48. bxc4 Ra8 49. Rb2 Kc6 50. Rec2 Rea7 51. e5 dxe5 0-1

[Event "Olomouc 2008 - seniors"]
[Site "?"]
[Date "2008.08.07"]
[Round "9.1"]
[White "STEC, FRANTISEK."]
[Black "GOLCMAN, EVGENY."]
[Result "1/2-1/2"]
[WhiteElo "1920"]
[BlackElo "2255"]
[PlyCount "41"]
[EventDate "2008.07.31"]

1. d4 f5 2. g3 Nf6 3. Bg2 g6 4. c4 Bg7 5. Nc3 O-O 6. Bg5 d6 7. e3 Nc6 8. Nge2
h6 9. Bxf6 Bxf6 10. O-O e5 11. dxe5 Nxe5 12. e4 Kh7 13. b3 c6 14. Rc1 Bg7 15.
Qd2 Nf7 16. Rfd1 Qa5 17. h4 Be6 18. Bh3 Rae8 19. Nd4 Bxd4 20. Qxd4 f4 21. Bxe6
1/2-1/2

[Event "Olomouc 2008 - seniors"]
[Site "?"]
[Date "2008.08.07"]
[Round "9.2"]
[White "SNOREK, MILAN."]
[Black "HORYNA, JOSEF."]
[Result "1-0"]
[WhiteElo "2175"]
[BlackElo "1919"]
[PlyCount "55"]
[EventDate "2008.07.31"]

1. d4 d5 2. Nf3 Nf6 3. c4 e6 4. cxd5 exd5 5. Bg5 Be7 6. Nc3 O-O 7. e3 b6 8. Qc2
Bb7 9. Bd3 h6 10. Bxf6 Bxf6 11. b4 Nd7 12. O-O c5 13. bxc5 bxc5 14. Rab1 cxd4
15. Nxd4 Bxd4 16. exd4 Rb8 17. Qa4 a5 18. Rfe1 Ba8 19. Rxb8 Nxb8 20. Bb5 Qc7
21. Qa3 Qd8 22. h3 Nc6 23. Qc5 Qf6 24. Nxd5 Qxd4 25. Ne7+ Kh7 26. Qc2+ g6 27.
Bxc6 Bxc6 28. Nxc6 1-0